00621nam a2200205Ia 4500003000400000005001700004008004100021020001800062040001800080041000800098082002100106100002100127245009700148250001200245260005000257300002700307650002500334650002700359650002900386OSt20240511101027.0210716s2013 xx 000 0 und d a9788183223461 cAIMIT LIBRARY aeng a374.22 21bMAXJ aMaxwell, John C. a17 Indisputable laws of teamwork : bembrace them and empower your team.cBy John C Maxwell. a1st ed. aNew Delhi :bThomson Press India Ltd ,c2013. axii,265p. ;bPBc21 cm aThe law of the niche aThe law of the compass aThe law of the price tag